| 000 | 00900nam a2200253Ia 4500 | ||
|---|---|---|---|
| 003 | OSt | ||
| 005 | 20220930091058.0 | ||
| 006 | a|||||r|||| 00| 0 | ||
| 007 | ta | ||
| 008 | 220926b |||||||| |||| 00| 0 eng d | ||
| 024 | _a3459 | ||
| 037 | _cTheses | ||
| 040 |
_aCRL _cCRL _beng |
||
| 041 |
_2eng _aeng |
||
| 100 |
_aKapoor Amita _9389404 |
||
| 110 |
_aUniversity of Delhi. Faculty of Inter-displinary and Applied Sciences. Department of Electronic Sciences _9544689 |
||
| 245 | 0 | _aModeling, design and application of optical amplifiers and long period gratings | |
| 260 | _c2010 | ||
| 650 | _aELECTRICAL ENGINEERING | ||
| 700 |
_a Sharma Enakshi Khular Gu. _9544690 |
||
| 700 |
_aUniversity of Delhi. Faculty of Inter-displinary and Applied Sciences. Department of Electronic Sciences _9544691 |
||
| 942 |
_cDIS _2CC |
||
| 999 |
_c881600 _d881600 |
||